| 000 | 00605nam a22001937a 4500 | ||
|---|---|---|---|
| 005 | 20220506163249.0 | ||
| 008 | 220506b ||||| |||| 00| 0 eng d | ||
| 040 | _cAL | ||
| 041 | _aEnglish | ||
| 082 |
_223 _a973.46 _bERID |
||
| 100 |
_aErik H Erikson _934644 |
||
| 245 | _aDimensions of a New Identity: The 1973 Jefferson Lectures in the Humanities | ||
| 260 |
_aNew Delhi _bLight and Life Publishers _c1975 |
||
| 300 |
_a125 p. _bHB _c22x14.5 cm. |
||
| 650 |
_aJefferson, Thomas, 1743-1826 _934645 |
||
| 650 |
_aIdentity (Psychology) _934646 |
||
| 700 |
_aERIKSON (Erik H) _934647 |
||
| 942 |
_2ddc _cGF |
||
| 999 |
_c222821 _d222821 |
||